000 01074nam a2200277Ia 4500
003 OSt
005 20221005104011.0
006 a|||||r|||| 00| 0
007 ta
008 221004b |||||||| |||| 00| 0 hin d
020 _a9788179171981 (hbk)
_cINR 850.00
024 _a66118
037 _bGV719, 09/03/2020, Vani Prakashan
_cTextual
040 _aCRL
_cCRL
_bhin
041 _2hin
_ahin
082 _aV2:51.N7, 152Q7
100 _aबराड़, हरपाल, ले.
245 0 _aभारतीय स्वाधीनता संग्राम का क्रांतिपक्ष
246 _aBhāratīya swādhīnatā sangrām kā krāantipakṣha
260 _aदिल्ली
_bग्रंथ शिल्पी भारत
_c2017
300 _a280पृ0
_ccm.
650 _a स्वतंत्रता सेनानी
650 _aइतिहास
942 _hV2:51.N7, 152Q7
_cTEXL
_2cc
999 _c1011459
_d1011459